书目信息 |
| 题名: |
梦溪笔谈
|
|
| 作者: | 沈括 著 | |
| 分册: | ||
| 出版信息: | 长沙 岳麓书社 1998.04 |
|
| 页数: | 330页 | |
| 开本: | 32开 | |
| 丛书名: | ||
| 单 册: | ||
| 中图分类: | N09 , Z429.441 | |
| 科图分类: | ||
| 主题词: | 文集--中国 , 全集--中国 , 选集--中国 | |
| 电子资源: | ||
| ISBN: | 7-80520-777-1 | |
| 000 | 00608nam0 2200229 45 | |
| 001 | 0010231895 | |
| 005 | 20080918154336.17 | |
| 010 | @a7-80520-777-1@d16.00元 | |
| 100 | @a20001023d1998 km y0chiy0120 ea | |
| 101 | 0 | @achi |
| 105 | @a z 000yy | |
| 200 | 1 | @a梦溪笔谈@AMeng Xi Bi Tan@f(宋)沈括著@F(Song)Shen Kuo Zhu |
| 210 | @a长沙@c岳麓书社@d1998.04 | |
| 215 | @a330页@d32开 | |
| 606 | 0 | @a文集@x中国 |
| 606 | 0 | @a全集@x中国 |
| 606 | 0 | @a选集@x中国 |
| 690 | @aN09@v3 | |
| 690 | @aZ429.441@v4 | |
| 701 | 0 | @a沈括@4著 |
| 801 | @aCN@bPftUser@c20080918 | |
| 905 | @b184458-460@dZ429.441@eS3965@f3 | |
| 梦溪笔谈/(宋)沈括著.-长沙:岳麓书社,1998.04 |
| 330页;32开 |
| ISBN 7-80520-777-1:16.00元 |
| ● |
| 相关链接 |
|
|
|
正题名:梦溪笔谈
索取号:Z429.441/S3965
 
预约/预借
| 序号 | 登录号 | 条形码 | 馆藏地/架位号 | 状态 | 备注 |
| 1 | 184458 | 201844585 | 自科库501/501自科库 131排2列1层/ [索取号:Z429.441/S3965] | 在馆 | |
| 2 | 184459 | 201844594 | 社科二线400B/400B社科库 27排4列6层/ [索取号:Z429.441/S3965] | 在馆 | |
| 3 | 184460 | 201844601 | 自科库501/501自科库 131排2列1层/ [索取号:Z429.441/S3965] | 在馆 |